Celebrities by Voice Over Quiz Stats

Quiz Updated Aug 11, 2016

Challenge
Share
Tweet
Score 0/24 Timer 10:00
0 Plays Today
Range Celebrity % Correct
0:15-0:22Ellen Degeneres
89.2%
1:35-1:53Morgan Freeman
71.4%
0:32-0:40John Goodman
61.6%
1:54-2:06Queen Latifah
57.1%
0:00-0:14George Clooney
56.7%
2:16-2:30James Earl Jones
56.6%
1:28-1:34Catherine Zeta-Jones
56.4%
4:10-4:26Sean Connery
56.1%
3:38-3:47Antonio Banderas
48.3%
3:06-3:25Susan Sarandon
36%
3:48-4:03Julia Roberts
33.2%
4:27-4:33Gilbert Gottfried
30.2%
Range Celebrity % Correct
1:12-1:27Christian Slater
28.2%
2:07-2:15Patrick Stewart
26.4%
0:23-0:31Gene Hackman
21.1%
2:42-2:52David Duchovny
19.2%
3:26-3:37Jeff Bridges
18.1%
0:41-0:54Allison Janney
16.4%
1:02-1:11Kelsey Grammer
16.1%
4:04-4:09Martin Sheen
16.1%
0:55-1:01Kevin Spacey
14.8%
4:34-4:48Richard Dreyfuss
13.5%
2:53-3:05Mandy Patinkin
11.4%
2:31-2:41Gary Sinise
10.7%

You're not logged in!

Compare scores with friends on all Sporcle quizzes.
Sign Up with Email
OR
Log In

You Might Also Like...

Show Comments

Extras

Top Quizzes Today


Score Distribution

Your Account Isn't Verified!

In order to create a playlist on Sporcle, you need to verify the email address you used during registration. Go to your Sporcle Settings to finish the process.